00929cam a22002531 450000100060000000300080000600500170001400800410003103500190007204000320009104100080012308200240013110000330015524501310018826000420031930000250036150400290038665000290041565100380044470000460048294200120052899900170054095201180055733780BD-RjUL20211209052046.0140511s1970 ii b 000 0 eng  a(BD-RjUL)33871 aDLCcDLCdDLCdBD-RjULbeng aeng04a301.24954bPAD 19701 aPanchanadikar, K. C.910257610aDeterminants of social structure and social change in India and other papers /cby K. C. Panchanadikar [and] J. Panchanadikar. aBombay :bPopular Prakashan,cc 1970. axv, 241 p. ;c23 cm. aIncludes bibliographies. 0aPanchayatzIndia.918240 0aIndiaxSocial conditions.91025771 aPanchanadikar, J.,ejoint author.9102578 2ddccBK c33780d33780 00102ddc4071aRUCLbRUCLcReadingd2014-05-11l0o301.24954 PAD 1970r2014-05-11 00:00:00tC-1w2014-05-11yBK